One Piece- World Government figures - Statistics

General Stats
  • This quiz has been taken 112 times
    90 since last reset
  • The average score is 34 of 50
Answer Stats
Hint Answer % Correct
Sits on the Empty Throne Imu
100%
Gyuki Zoan Jaygarcia Saturn
94%
Five Elders>Itsumade Zoan Marcus Mars
94%
Vice warden;Venom-Venom fruit Magellan
88%
One of the founders;Ancestor of Vivi Nefertari D. Lili
88%
Sandworm Zoan Shepherd Ju Peter
88%
Head Scientist Vegapunk
88%
Father of Shanks Figarland Garling
87%
Bakotsu Zoan Ethanbaron V. Nusjuro
85%
Fengxi Zoan Topman Warcury
83%
Ox-Ox fruit model: Giraffe Kaku
81%
Paw-Paw fruit S-Bear
81%
Dice-Dice fruit S-Hawk
81%
Cipher Pol>Former chief of CP9 Spandam
81%
The Seraphim>Love-Love fruit S-Snake
81%
Commander-in-chiefformer fleet admiral Kong
79%
Cat-Cat fruit model:Leopard Rob Lucci
79%
Swim-Swim fruit S-Shark
79%
Bubble-Bubble fruit Kalifa
77%
Door-Door fruit Blueno
75%
Evil Lilith
75%
Violence Atlas
71%
Thinking Edison
71%
Cerberus Sword Figarland Shamrock
71%
Impel Down Staff>Chief warden Hannyabal
71%
Wisdom Pythagoras
71%
Vegapunk Satellites>Good Shaka
69%
Gluttony York
69%
Dog-Dog fruit model: Wolf Jabra
67%
God's Knights>Arrow-Arrow fruit Manmayer Gunko
65%
Scientist Caesar Clown
63%
Horse-Horse fruit model:Kirin Rimoshifu Killingham
63%
Former head jailer;pirate Shiryu
62%
Thorn-Thorn fruit Shepherd Sommers
60%
Bat-Bat fruit; Clone Stussy
58%
Sword with theEleph-Eleph fruit Funkfreed
56%
Father of the formerFormer chief of CP9 Spandine
54%
CP0 Agent Fukurou
52%
Chief guard Sadi
52%
Science Captain Sentomaru
52%
CP0 Agent Kumadori
48%
former's bird companion Hattori
46%
Head jailer Domino
44%
Jailer beast Minokoala
40%
Jailer beast Minotaurus
40%
Jailer beast Minozebra
38%
Killed by Kaido Guernika
35%
Jailer beast Minorhinoceros
35%
Jailer beast Minochihuahua
33%
Chief guard Saldeath
31%
No matching quizzes found
Score Distribution
Percent of People with Each Score
Percentile by Number Answered
Your Score History
You have not taken this quiz since the last reset